000 00913nam a2200253Ia 4500
003 OSt
005 20220923211252.0
006 a|||||r|||| 00| 0
007 ta
008 Pun
020 _a9788178835334 (hbk)
_c160
024 _a240,217
037 _b174, 24/10/2009, H.K. Prakashan
_cTextual
040 _aARTS
_cARTS
_bPun
041 _2Pun
_aPun
082 _aO153:gJ, P9
100 _aਮਾਹਲ, ਸੁਖਬੀਰ ਕੈਰ, ਥਦ.
245 0 _aਕਲਾਸਿਕੀ ਪੰਜਾਬੀ ਸਾਹਿਤ ਨਿਰਧਾਰਣ ਤੇ ਪੁਨਰ ਮੁੱਲਾਂਕਣ
260 _aਲੁਧਿਆਣਾ
_b ਚੇਤਨਾ ਪ੍ਰਕਾFਨ
_c2009
300 _a128ਪੰ
_ccm.
650 _aਪੰਜਾਬੀ ਸਾਹਿਤ
942 _hO153:gJ, P9
_cTEXL
_2CC
999 _c297979
_d297979